Percy Jackson-Tous les bungalows de la Colonie des Sang-Mêlé - Statistiques

Statistiques générales
  • Ce quiz a été pris 529 fois
  • Le résultat moyen est 15 sur 20
Statistiques - réponses
Bungalow n° Divinité % Correct
1 Zeus
100%
3 Poséidon
99%
2 Héra
98%
13 Hadès
96%
6 Athéna
95%
7 Apollon
94%
5 Arès
94%
10 Aphrodite
91%
11 Hermès
91%
8 Artémis
90%
9 Héphaistos
90%
4 Déméter
86%
12 Dionysos
71%
15 Hypnos
60%
16 Némésis
59%
20 Hécate
52%
14 Iris
49%
17 Niké
40%
18 Hébé
25%
19 Tyché
21%
Aucun quiz correspondant
Distribution des résultats
% des personnes avec chaque résultat
Percentile par nombre de réponses
Votre historique - résultats
Vous n’avez pas pris ce quiz